La suspensin̤ de la ejecucin̤ y sustitucin̤ de las penas

Detalles Bibliográficos
Autor principal: Garca̕ San Martn̕, Jern̤imo
Formato: eBook
Lenguaje:español
Publicado: Madrid : Dykinson, 2012
Materias:
Acceso en línea:Acceso restringido

MARC

LEADER 00000nam a22000007a 4500
005 20131127162037.0
007 cr|||| ||||
008 131127s2012 sp |||||s|||| 00||0 spa d
020 |a 978-84-9031-462-3 
035 |a 11638 
040 |a vLex 
090 |c 4580  |d 4580 
100 |a Garca̕ San Martn̕, Jern̤imo 
245 1 3 |a La suspensin̤ de la ejecucin̤ y sustitucin̤ de las penas  |h [Recurso electrn̤ico] /  |c Jern̤imo Garca̕ San Martn̕  
256 |a Servicio en ln̕ea 
260 |a Madrid :  |b Dykinson,  |c 2012 
300 |a 1 recurso electrn̤ico 
506 1 |a Contenido solo disponible en los productos indicados  |d vLex Global  |d vLex Global (Academic Edition, excluding Law Schools)  |d vLex Global (U.S. Academic Edition, Law Schools)  |d vLex Global (U.S. Academic Edition, excluding Law Schools)  |d vLex Global (Academic Edition, Law Schools) 
650 0 4 |a Ejecucin̤ (Derecho penal) 
650 0 4 |a Encarcelamiento  |x Alternativas 
740 0 |a vLex Libros (Servicio en ln̕ea) 
856 4 0 |u http://vlex.com/source/suspension-ejecucion-sustitucion-penas-11638  |z Acceso restringido 
942 |c BOOK 
999 0 |a Corrections 
999 0 |a Alternatives to imprisonment